| 000 | 00662nam a2200253 a 4500 | ||
|---|---|---|---|
| 001 | nice12345678 | ||
| 003 | IN_TiNIC | ||
| 005 | 20260116012241.0 | ||
| 008 | 050524s1985 nota grp 000 0 eng | ||
| 020 |
_a0268561 _c587.5 |
||
| 082 | 0 | 0 |
_a149.7 _bCOL |
| 100 | _aCollins, Arthur W | ||
| 245 |
_aThought and Nature _b Studies in Rationalist Philosophy |
||
| 260 |
_aNotre Dame in _bUniversity of Notre Dame Press _c1985 |
||
| 300 | _a248p | ||
| 500 | _aincludes index and biblioraphy | ||
| 505 | 2 | _aIndex | |
| 650 | _aRationalism | ||
| 650 | _aEmpiricism | ||
| 700 | 1 | _aCollins, Arthur W | |
| 902 | _bSRS | ||
| 942 | _cBK | ||
| 999 |
_c6243 _d6243 |
||